000 00608cam a22002293a 4500
001 30578
003 PGUSA
005 20140828083648.0
008 091202s2009||||xxu|||||s|||||000 | eng d
040 _aPGUSA
_beng
042 _adc
050 4 _aPS
100 1 _aCoolidge, Dane,
_d1873-1940
245 1 0 _aWunpost
_h[electronic resource] /
_cDane Coolidge
260 _bProject Gutenberg,
_c2009
506 _aPublic domain in the USA.
516 _aElectronic text
653 _aWestern stories
830 0 _aProject Gutenberg
_v30578
856 4 0 _uhttp://www.gutenberg.org/ebooks/30578
942 _cEB
999 _c259833
_d259833